Statistics for Countries with Larger and Smaller Neighbours

Click here to take the quiz!

General Stats

  • This quiz has been taken 44 times
  • The average score is 8 of 10

Answers on the Map

Answers color-coded by a green-red scale on the quiz's map according to % correct below.
Loading ...
 

Answer Stats

#Country% Correct
3L 3SCentral African Republic
88%
5L 3SSerbia
88%
5L 3SAustria
83%
3L 3SAfghanistan
80%
3L 3SBurkina Faso
80%
3L 3SIraq
73%
4L 3SNiger
73%
3L 5SZambia
73%
4L 3SPoland
60%
3L 3SCameroon
58%

Score Distribution

Percentile by Number Answered

Percent of People with Each Score

Your Score History

You have not taken this quiz